LEADER 03541nam 2200793 a 450 001 9910457435103321 005 20120201160017.0 010 $a1-78268-092-6 010 $a1-283-89296-0 010 $a1-60649-269-1 024 7 $a10.4128/9781606492697 035 $a(CKB)2550000000086181 035 $a(EBL)876653 035 $a(OCoLC)774870089 035 $a(SSID)ssj0000621187 035 $a(PQKBManifestationID)11407492 035 $a(PQKBTitleCode)TC0000621187 035 $a(PQKBWorkID)10616853 035 $a(PQKB)10379335 035 $a(CaBNVSL)swl00400440 035 $a(MiAaPQ)EBC876653 035 $a(Au-PeEL)EBL876653 035 $a(CaPaEBR)ebr10528312 035 $a(CaONFJC)MIL420546 035 $a(EXLCZ)992550000000086181 071 53$a2$bBEP 100 $a20120125d2012 fy 0 101 0 $aeng 135 $aur|n|---||||| 181 $ctxt 182 $cc 183 $acr 200 10$aRFID for the supply chain and operations professional$b[electronic resource] /$fPamela Zelbst and Victor Sower 205 $a1st ed. 210 $a[New York, N.Y.] (222 East 46th Street, New York, NY 10017) $cBusiness Expert Press$dc2012 215 $a1 online resource (149 p.) 225 1 $aSupply and operations management collection,$x2156-8200 300 $aDescription based upon print version of record. 311 $a1-60649-268-3 320 $aIncludes bibliographical references (p. 121-126) and index. 327 $aList of illustrations -- Abbreviations and acronyms -- Acknowledgments -- 1. RFID basics -- 2. RFID technology essentials -- 3. Uses of RFID technology -- 4. RFID is not a solution waiting for a problem -- 5. Implementing RFID -- 6. Business cases for RFID -- 7. Conclusions -- Appendix. RFID standards -- Notes -- References -- Index. 330 3 $aThe quality and effectiveness of decisions made within an organization and its supply chain depend on the accuracy and timeliness of the information on which they are based. Radio frequency identification (RFID) is a technology that can provide more accurate information in near real time and thus increase the quality and timeliness of decisions based on that information. RFID systems are currently in use in areas such as inventory management, process control, asset tracking and monitoring, and retail point of sale. Organizations that appropriately incorporate RFID into their operations and information management systems have increased their agility, effectiveness, and efficiency, resulting in organizational growth and increased profitability. 410 0$aSupply and operations management collection.$x2156-8200 606 $aRadio frequency identification systems 606 $aBusiness logistics 608 $aElectronic books. 610 $aRFID 610 $aeffectiveness 610 $aefficiency 610 $atimeliness 610 $aagility 610 $ainventory management 610 $aasset tracking 610 $areal-time information systems 610 $aRFID integration 610 $aRFID implementation 610 $acustomer responsiveness 615 0$aRadio frequency identification systems. 615 0$aBusiness logistics. 676 $a658.787 700 $aZelbst$b Pamela$0866459 701 $aSower$b Victor E$0873373 801 0$bMiAaPQ 801 1$bMiAaPQ 801 2$bMiAaPQ 906 $aBOOK 912 $a9910457435103321 996 $aRFID for the supply chain and operations professional$92149386 997 $aUNINA LEADER 01174nam 2200421 450 001 9910810299103321 005 20230822233547.0 010 $a1-5231-3701-0 010 $a1-119-63496-2 010 $a1-119-63497-0 035 $a(CKB)4100000010871009 035 $a(MiAaPQ)EBC6265343 035 $a(EXLCZ)994100000010871009 100 $a20201119d2020 uy 0 101 0 $aeng 135 $aurcnu|||||||| 181 $ctxt$2rdacontent 182 $cc$2rdamedia 183 $acr$2rdacarrier 200 10$aCatalyst engineering technology $efundamentals and applications /$fJean W. L. Beeckman 210 1$aHoboken, NJ :$cWiley,$d2020. 215 $a1 online resource (307 pages) 311 $a1-119-63494-6 606 $aCatalysts 606 $aExtrusion process 606 $aCatalysts industry 615 0$aCatalysts. 615 0$aExtrusion process. 615 0$aCatalysts industry. 676 $a660.2995 700 $aBeeckman$b Jean W. L.$01635543 801 0$bMiAaPQ 801 1$bMiAaPQ 801 2$bMiAaPQ 906 $aBOOK 912 $a9910810299103321 996 $aCatalyst engineering technology$93976394 997 $aUNINA LEADER 02023nam a2200313 i 4500 001 991000953329707536 005 20040322123529.0 008 011024s1655 it ||| | ita 035 $ab1269535x-39ule_inst 035 $aAUNI000140$9ExL 040 $aBiblioteca Interfacoltà$bita 100 1 $aTesauro, Emanuele$0154551 245 13$aIl Cannocchiale Aristotelico, o sia, idea delle argutezze heroiche vulgarmente chiamate imprese. Et di tutta l'arte simbolica et lapidaria :$bcontenente ogni genere di figure, & inscrittioni espressiue di arguti, & ingegnosi concetti. Esaminata in fonte co' rettorici precetti del diuino Aristotele che comprendono tutta la rettorica, & poetica elocutione /$cDel conte d. Emanuele Tesauro ... 260 $aIn Venetia :$bpresso Paolo Baglioni,$c1655 269 $aVenezia :$bBaglioni, Paolo,$c1655 300 $a[24], 672 p. ;$c4? (23 cm) 500 $aTitolo dell'Occhietto: "Il Cannocchiale Aristotelico / del conte d. Emanuele Tesauro" 500 $aSegnatura: a8 b4 A-Z8 Aa-Tt8 500 $aAntip. inc., testate, capilettera, fregi, car. rom. e cors. 907 $a.b1269535x$b02-04-14$c23-03-04 912 $a991000953329707536 945 $aLE002 1600-n.74$cConsumate dall'umido le ultime pp.; sul foglio di guardia ant. r. si legge ms.: Ex libris Dni [...] Antonii Paladini; sull'occhietto: Libro inetto e di mal gusto Paladini. - Esemplare parzialmente digitalizzato$g1$iLE002A-57880$lle002$o-$pE0.00$q-$rn$so $t0$u0$v0$w0$x0$y.i13210245$z23-03-04 962 $a000:001:JPEG:b1269535:005020:0:0:0:0:0:0$tc. a1r$vy 962 $a000:001:JPEG:b1269535:005021:0:0:0:0:0:0$tc. a2r$vy 962 $a000:001:JPEG:b1269535:005022:0:0:0:0:0:0$tFrontespizio (c. a3r)$vy 962 $a000:001:JPEG:b1269535:005023:0:0:0:0:0:0$tc. A1r$vy 996 $aCannocchiale Aristotelico, o sia, idea delle argutezze heroiche vulgarmente chiamate imprese. Et di tutta l'arte simbolica et lapidaria$9271758 997 $aUNISALENTO 998 $ale002$b23-03-04$cm$da $eo$fita$git $h3$i1